000
00267nam a22001217a 4500
082
_a
532.5 THO'T
100
_a
THOMSON, L. M. M
_9
77932
245
_a
THEORATICAL HYDRODYNAMICS
250
_a
5TH
260
_a
LONDON
_b
MACMILLAN
_c
1974
300
_a
743P
942
_c
BK
999
_c
583106
_d
583106